Central Library OPAC University of Rajshahi

The Sarva-darśana-saṃgraha or, Review of the different systems of Hindu philosophy / (Record no. 28642)

MARC details
000 -LEADER
fixed length control field 01068nam a2200289 a 4500
001 - CONTROL NUMBER
control field 28642
003 - CONTROL NUMBER IDENTIFIER
rucl marc code BD-RjUL
005 - DATE AND TIME OF LATEST TRANSACTION
control field 20211209051317.0
008 - FIXED-LENGTH DATA ELEMENTS--GENERAL INFORMATION
fixed length control field 940321r19141904enk b 000 0 eng d
035 ## - SYSTEM CONTROL NUMBER
System control number (BD-RjUL)BD-RjUL
040 ## - CATALOGING SOURCE
Original cataloging agency BD-RjUL
Language of cataloging eng
Transcribing agency BD-RjUL
041 1# - LANGUAGE CODE
Language code of text/sound track or separate title eng
Language code of original san
082 ## - DEWEY DECIMAL CLASSIFICATION NUMBER
Edition number 23
Classification number 181.4
Author mark and year MAS 1914
100 0# - MAIN ENTRY--PERSONAL NAME
Personal name Mādhava,
Dates associated with a name -1386.
9 (RLIN) 222538
245 14 - TITLE STATEMENT
Title The Sarva-darśana-saṃgraha or, Review of the different systems of Hindu philosophy /
Statement of responsibility, etc. by Madhava Āchārya ; translated by E. B. Cowell and A. E. Gough.
250 ## - EDITION STATEMENT
Edition statement 4th ed., popular ed.
260 ## - PUBLICATION, DISTRIBUTION, ETC. (IMPRINT)
Place of publication, distribution, etc. London :
Name of publisher, distributor, etc. Kegan Paul, Trench, Trübner,
Date of publication, distribution, etc. 1904 [Re-issue1914.]
300 ## - PHYSICAL DESCRIPTION
Pagination ix, 281 p. ;
Size 24 cm.
490 ## - SERIES STATEMENT
Series statement Trubner's Oriental series
504 ## - BIBLIOGRAPHY, ETC. NOTE
Bibliography, etc Includes bibliographical references.
650 #0 - SUBJECT ADDED ENTRY--TOPICAL TERM
Topical term or geographic name as entry element Philosophy, Indic.
9 (RLIN) 222539
700 1# - ADDED ENTRY--PERSONAL NAME
Personal name Cowell, Edward B.
Fuller form of name (Edward Byles),
Dates associated with a name 1826-1903., tr.
Personal name Gough, Archibald Edward,
Dates associated with a name 1845- ,jt. tr.
830 ## - SERIES ADDED ENTRY--UNIFORM TITLE
Uniform title Trubner's Oriental series
942 ## - ADDED ENTRY ELEMENTS (KOHA)
Source of classification or shelving scheme Dewey Decimal Classification
Koha item type Rare Books
Holdings
Lost status Source of classification or shelving scheme Damaged status Not for loan Collection code Permanent Location Current Location Shelving location Date acquired Total Checkouts Full call number Date last seen Copy number Koha item type
  Dewey Decimal Classification   Not For Loan Rare Books Central Library, University of Rajshahi Central Library, University of Rajshahi Rare Book Section 15/09/2018   RA 181.4 MAS 1914 15/09/2018 C-1 Rare Books